000
00333nam a2200133Ia 4500
008
150201s2006 xx 000 0 und d
082
_a
616.8
_b
P06B
100
_a
BATRA,LALIT
245
_a
SHORT TB OF PSYCHIATRY FOR UNDERGRADUATE STUDENTS
250
_a
1ST
260
_b
PEEPEE
_a
DELHI
_c
2006
650
_a
PSYCHIATRY
942
_2
ddc
_c
BK
999
_c
653
_d
653